Problems of retired persons (Record no. 25667)

000 -LEADER
fixed length control field 00379pab a2200157 454500
008 - FIXED-LENGTH DATA ELEMENTS--GENERAL INFORMATION
fixed length control field 180718b xxu||||| |||| 00| 0 eng d
100 ## - MAIN ENTRY--PERSONAL NAME
Personal name Kuma S. Vijay
245 ## - TITLE STATEMENT
Title Problems of retired persons
362 ## - DATES OF PUBLICATION AND/OR SEQUENTIAL DESIGNATION
Dates of publication and/or sequential designation 73(3), Sep 93, p.241-49
650 ## - SUBJECT ADDED ENTRY--TOPICAL TERM
Topical term or geographic name entry element Ageing
650 ## - SUBJECT ADDED ENTRY--TOPICAL TERM
Topical term or geographic name entry element Retired Persons
650 ## - SUBJECT ADDED ENTRY--TOPICAL TERM
Topical term or geographic name entry element Old Age
700 ## - ADDED ENTRY--PERSONAL NAME
Personal name Reddy K. Raja
773 ## - HOST ITEM ENTRY
Main entry heading Man in India
909 ## -
-- 25667
Holdings
Withdrawn status Lost status Damaged status Not for loan Permanent Location Current Location Date acquired Barcode Date last seen Price effective from Koha item type
        Indian Institute of Public Administration Indian Institute of Public Administration 2018-07-19 AR25739 2018-07-19 2018-07-19 Articles

Powered by Koha